| 000 | 00465nam a22001577a 4500 | ||
|---|---|---|---|
| 999 |
_c23411 _d23411 |
||
| 003 | NUST | ||
| 008 | 130417b xxu||||| |||| 00| 0 eng d | ||
| 020 |
_a0824754794 _cAvalable |
||
| 038 | _aNusrat Nadeem | ||
| 082 | _a615.19 BRI | ||
| 100 |
_a Juan Alvarez Brian Shoichet _921381 |
||
| 245 |
_aVirtual Screening in Drug Discovery _cBrian Shoichet Juan Alvarez |
||
| 260 |
_aUSA _bCRC Press _c2005 |
||
| 538 | _iBioinformatics Lab (Photocopy Book) | ||
| 942 |
_2ddc _cBK |
||